100 Different Percussion Instruments - Statistics

General Stats
  • This quiz has been taken 294 times
  • The average score is 30 of 100
Answer Stats
Picture Answer % Correct
Drumset
91%
Maracas
82%
Bass Drum
79%
Tambourine
77%
Xylophone
77%
Snare Drum
75%
Marimba
72%
Triangle
72%
Gong
71%
Cowbell
70%
Glockenspiel
68%
Piano
63%
Steel Pan
63%
Timpani
62%
Castanets
60%
Vibraphone
60%
Anvil
59%
Bongos
58%
Suspended Cymbal
57%
Tubular Bells
57%
Hi-Hat
55%
Woodblock
55%
Crash Cymbals
53%
Tam Tam
52%
Bar Chimes
47%
Marching Snare
47%
Congas
46%
Sleigh Bells
45%
Guiro
44%
Claves
42%
Slide Whistle
41%
Brake Drum
40%
Finger Cymbals
40%
Ratchet
40%
Kalimba
39%
Vibraslap
38%
Rain Stick
37%
Tenor Drums
35%
Boomwhackers
32%
China Cymbal
32%
Cabasa
31%
Handpan
31%
Thunder Sheet
31%
Splash Cymbal
30%
Cajon
27%
Djembe
27%
Handbells
27%
Crotales
25%
Spoons
25%
Agogo Bells
24%
Rototoms
24%
Timbales
24%
Bell Tree
22%
Ocean Drum
21%
Slapstick
21%
Practice Pad
18%
Hammered Dulcimer
16%
Wind Machine
16%
Concert Toms
15%
Log Drum
13%
Waterphone
13%
Flub Drum
12%
Taiko Drum
12%
Sandpaper Blocks
11%
Shekere
11%
Sizzle Cymbal
11%
Slapaphone
11%
Tablas
11%
Flexitone
10%
Talking Drum
10%
Frame Drum
9%
Samba Whistle
9%
Bird Whistle
8%
Lion's Roar
8%
Police Whistle
8%
Bodhran
7%
Bones
7%
Caxixi
7%
Pandeiro
7%
Doumbek
6%
Siren Whistle
6%
Surdo
6%
Cuica
5%
Almglocken
4%
Kashaka
4%
Tamborim
4%
Bulb Horn
3%
Car Spring
3%
Chinese Tom Tom
3%
Deccabons
3%
Mixing Bowls
3%
Native Tom Tom
3%
Toere Drums
3%
Tombak
3%
Urdu
3%
Becker Bow Cymbal
2%
Bell Plate
2%
Spring Drum
2%
Tibetan Prayer Bowl
2%
Ngoma Drum
1%
No matching quizzes found
Score Distribution
Percent of People with Each Score
Percentile by Number Answered
Your Score History
You have not taken this quiz